• 首页
  • 本馆介绍
  • 公告通知
  • 最新文献
  • 馆藏检索
  • 电子资源
  • 读者导购
  • 参考咨询
  • 我的图书馆
  • 登录
  • 详细信息显示
  • 放入我的书架
  • 预约/预借图书
  • 作者相关作品
  • 分类相关作品
  • 丛书相关作品
  • 出版社相关作品

书目信息

  • 表格格式
  • 工作单格式
  • 卡片格式
题名:
厚黑学
    
 
作者: 李宗吾 著
分册:  
出版信息: 武汉   武汉出版社  2009
页数: 204页
开本: 24cm
丛书名:
单 册:
中图分类: B825
科图分类:
主题词: 伦理学--研究--中国 , 伦理学
电子资源:
ISBN: 978-7-5430-4380-0
000 00927nam0 2200253 45
001 1029447988
005 20100428090011.20
010    @a978-7-5430-4380-0@dCNY26.00
100    @a20100426d2009 em y0chiy0110 ea
101 0  @achi
102    @aCN@b420000
105    @ay z 000yy
106    @ar
200 1  @a厚黑学@AHou Hei Xue@f李宗吾著@FLi Zong Wu Zhu
210    @a武汉@c武汉出版社@d2009
215    @a204页@d24cm
300    @a经典彩图版
330    @a《厚黑学(经典彩图版)》被称为民国第一奇书,而且是台北国立图书馆镇馆之宝,八十年代畅销于台湾、香港和日本。那么此书奇在何处,宝在何处,为何畅销?作者李宗吾以“正话反说”的形式,把中国历代“明君”、“圣人”脸上画的、头上蒙的那些仁义道德撕扯得干干净净,并统一地给他们一个新的定义“厚黑”。
606 0  @a伦理学@x研究@y中国
606 0  @a伦理学
690    @aB825@v4
701  0 @a李宗吾@ALi Zong Wu@4著
801  0 @aCN@bTANGWEI@c20100428
905    @b0595703-07@dB825@e401@f5
    
    厚黑学/李宗吾著.-武汉:武汉出版社,2009
    204页;24cm
    经典彩图版
    
    ISBN 978-7-5430-4380-0:CNY26.00
    《厚黑学(经典彩图版)》被称为民国第一奇书,而且是台北国立图书馆镇馆之宝,八十年代畅销于台湾、香港和日本。那么此书奇在何处,宝在何处,为何畅销?作者李宗吾以“正话反说”的形式,把中国历代“明君”、“圣人”脸上画的、头上蒙的那些仁义道德撕扯得干干净净,并统一地给他们一个新的定义“厚黑”。
●
相关链接 在E读中查询图书 在五车中查询图书 在当当中查询图书 在豆瓣中查询图书


正题名:厚黑学     索取号:B825/401         预约/预借

序号 登录号 条形码 馆藏地/架位号 状态 备注
1 0595703   205957035   第一样本阅览室/ [索取号:B825/401] 在馆    
2 0595705   205957053   第一借阅区/ [索取号:B825/401] 在馆    
3 0595706   205957062   第一借阅区/ [索取号:B825/401] 在馆    
4 0595707   205957071   第一借阅区/ [索取号:B825/401] 在馆    
唐山师范学院图书馆 欢迎您!
大连网信软件有限公司© 版权所有